|
|
|
|
| LEADER |
00856cam a2200241 7i4500 |
| 001 |
0000060463 |
| 005 |
20210802090000.0 |
| 020 |
|
|
|a 9781558105805 (electronic book)
|
| 090 |
0 |
0 |
|a RT50.5
|b .N76 2015
|
| 245 |
0 |
0 |
|a Nursing informatics :
|b scope and standards of practice.
|
| 250 |
|
|
|a Second edition.
|
| 264 |
|
|
|a Silver Spring, Maryland:
|b American Nurses Association,
|c 2015.
|
| 300 |
|
|
|a 1 online resource (225 pages):
|b text file, PDF.
|
| 336 |
|
|
|a text
|2 rdacontent
|
| 337 |
|
|
|a computer
|2 rdamedia
|
| 338 |
|
|
|a online resource
|2 rdacarrier
|
| 650 |
|
0 |
|a Nursing informatics --
|x Standards
|
| 655 |
|
0 |
|a Electronic books
|
| 710 |
2 |
|
|a American Nurses Association
|
| 856 |
4 |
2 |
|u http://library.unisel.edu.my/web/guest/mylibrary
|
| 997 |
|
|
|a Health Sciences, Faculty
|
| 998 |
|
|
|a Nursing, Diploma
|
| 999 |
|
|
|a EBO0006105
|b EBOOK
|c EBOOK
|e Electronic resources
|